| 000 | 01190nam a22003137i 4500 | ||
|---|---|---|---|
| 005 | 20210824103428.0 | ||
| 008 | 210706t20202020enko|||b |||| 00| 0 eng d | ||
| 020 |
_a9780241439913 _cRM21.95 _qhardback |
||
| 040 |
_aPPAK _beng _cPPAK _erda |
||
| 082 | 0 | 4 |
_223 _a428.6 |
| 090 | 0 | 0 |
_a428.6 _bJEN _dK |
| 100 | 1 |
_aJenner, Caryn, _eauthor. |
|
| 245 | 1 | 0 |
_aCats and Kittens / _cBy Caryn Jenner ; Editor: Sophie Parkes |
| 264 | 1 |
_aLondon : _bDorling Kindersey Limited, _c2020 |
|
| 264 | 4 | _c©2020 | |
| 300 |
_a48 pages : _bcolour photographs ; _c24 cm. |
||
| 336 |
_2rdacontent _atext |
||
| 337 |
_2rdamedia _aunmediated |
||
| 338 |
_2rdacarrier _avolume |
||
| 500 | _a"Packed with facts you need to read!"--Cover. | ||
| 500 | _aIncludes index. | ||
| 505 | 2 | _aChapter 1: Let's meet cats -- Parts of a cat -- Chapter 2: Kittens -- Chapter 3: Fun with cats -- Crazy about cats -- Chapter 4: Caring for a pet cat -- Cat breeds -- Chapter 5: Big cats -- Quiz. | |
| 521 | 0 | _aReading grade level: DK Level 2 | |
| 650 | 1 | 0 | _aReaders (Elementary) |
| 650 | 2 | 0 |
_aCats _vJuvenile literature |
| 650 | 2 | 0 |
_aKittens _vJuvenile literature |
| 700 | 1 |
_aParkes, Sophie, _eeditor. |
|
| 942 |
_2ddc _cB |
||
| 999 |
_c184280 _d184280 |
||